[Event "Amateur Tournament (ATO)"]
[Site "https://www.chess.com"]
[Date "2025.07.21"]
[Round "6"]
[White "Perego, Jonas Gion"]
[Black "Zimmermann, Stefan SUI"]
[Result "1-0"]
[Board "27"]
[WhiteFideId "1354680"]
[BlackFideId "1320157"]
[WhiteElo "1792"]
[BlackElo "1714"]
[WhiteTeam "SUI"]
[BlackTeam "SUI"]
[WhiteClock "0:30:22"]
[BlackClock "0:18:47"]
[Variant "Standard"]

1. e4 {[%clk 1:30:55]}  d5 {[%clk 1:30:47]} 2. exd5 {[%clk 1:31:19]}  Qxd5 {[%clk 1:31:05]} 3. Nc3 {[%clk 1:31:42]}  Qd6 {[%clk 1:31:19]} 4. Nf3 {[%clk 1:32:01]}  Nf6 {[%clk 1:31:39]} 5. d4 {[%clk 1:32:17]}  a6 {[%clk 1:32:02]} 6. Be2 {[%clk 1:32:06]}  Nc6 {[%clk 1:32:18]} 7. O-O {[%clk 1:31:11]}  Bf5 {[%clk 1:32:22]} 8. Be3 {[%clk 1:24:13]}  e6 {[%clk 1:30:58]} 9. Qd2 {[%clk 1:19:59]}  O-O-O {[%clk 1:28:38]} 10. Rfd1 {[%clk 1:17:45]}  h6 {[%clk 1:28:08]} 11. a3 {[%clk 1:10:36]}  g5 {[%clk 1:24:10]} 12. b4 {[%clk 1:03:52]}  Ng4 {[%clk 1:17:19]} 13. b5 {[%clk 1:00:53]}  Nb8 {[%clk 1:15:12]} 14. bxa6 {[%clk 0:55:51]}  Nxa6 {[%clk 1:15:24]} 15. Nb5 {[%clk 0:56:00]}  Qb6 {[%clk 1:07:22]} 16. Rdb1 {[%clk 0:43:03]}  Nxe3 {[%clk 0:54:47]} 17. fxe3 {[%clk 0:42:53]}  Nc5 {[%clk 0:42:26]} 18. Ne5 {[%clk 0:38:38]}  Ne4 {[%clk 0:38:11]} 19. Qe1 {[%clk 0:38:14]}  Rh7 {[%clk 0:36:57]} 20. Nd6+ {[%clk 0:29:29]}  Qxd6 {[%clk 0:24:23]} 21. Qa5 {[%clk 0:29:55]}  Kb8 {[%clk 0:20:30]} 22. Rxb7+ {[%clk 0:30:09]}  Kxb7 {[%clk 0:20:42]} 23. Rb1+ {[%clk 0:30:33]}  Qb6 {[%clk 0:20:45]} 24. Rxb6+ {[%clk 0:30:58]}  cxb6 {[%clk 0:21:02]} 25. Qa6+ {[%clk 0:31:12]}  Kb8 {[%clk 0:18:33]} 26. Qxb6+ {[%clk 0:31:26]}  Ka8 {[%clk 0:18:47]} 27. Nc6 {[%clk 0:30:22]} 1-0

[Event "Amateur Tournament (ATO)"]
[Site "https://www.chess.com"]
[Date "2025.07.21"]
[Round "6"]
[White "Grabe, Eckart"]
[Black "Loeffler, Helmut"]
[Result "1/2-1/2"]
[Board "29"]
[WhiteFideId "24694576"]
[BlackFideId "1317482"]
[WhiteElo "1774"]
[BlackElo "1709"]
[WhiteTeam "GER"]
[BlackTeam "SUI"]
[WhiteClock "0:52:50"]
[BlackClock "1:05:38"]
[Variant "Standard"]

1. d4 {[%clk 1:30:53]}  d5 {[%clk 1:30:50]} 2. c4 {[%clk 1:31:14]}  e6 {[%clk 1:31:14]} 3. Nc3 {[%clk 1:31:31]}  Nf6 {[%clk 1:31:37]} 4. Bg5 {[%clk 1:31:41]}  Be7 {[%clk 1:31:54]} 5. Nf3 {[%clk 1:31:49]}  Nc6 {[%clk 1:30:51]} 6. e3 {[%clk 1:30:35]}  O-O {[%clk 1:30:35]} 7. Bd3 {[%clk 1:29:22]}  dxc4 {[%clk 1:29:38]} 8. Bxc4 {[%clk 1:29:16]}  a6 {[%clk 1:29:38]} 9. a4 {[%clk 1:23:46]}  b6 {[%clk 1:24:38]} 10. O-O {[%clk 1:22:16]}  Bb7 {[%clk 1:23:48]} 11. Qe2 {[%clk 1:11:01]}  Na5 {[%clk 1:18:47]} 12. Rab1 {[%clk 1:03:22]}  Rc8 {[%clk 1:15:27]} 13. b4 {[%clk 1:02:44]}  Nc6 {[%clk 1:15:23]} 14. Na2 {[%clk 0:58:21]}  Nb8 {[%clk 1:05:38]} 15. Rfc1 {[%clk 0:52:50]} 1/2-1/2

[Event "Amateur Tournament (ATO)"]
[Site "https://www.chess.com"]
[Date "2025.07.21"]
[Round "6"]
[White "Eigenmann, Walter"]
[Black "Cloete, Willem Francois"]
[Result "0-1"]
[Board "30"]
[WhiteFideId "1324632"]
[BlackFideId "14358387"]
[WhiteElo "1764"]
[BlackElo "1567"]
[WhiteTeam "SUI"]
[BlackTeam "RSA"]
[WhiteClock "0:24:56"]
[BlackClock "0:21:18"]
[Variant "Standard"]

1. d4 {[%clk 1:30:55]}  Nf6 {[%clk 1:30:48]} 2. c4 {[%clk 1:31:02]}  g6 {[%clk 1:31:09]} 3. Nc3 {[%clk 1:31:12]}  Bg7 {[%clk 1:31:31]} 4. e4 {[%clk 1:31:24]}  d6 {[%clk 1:31:54]} 5. Nf3 {[%clk 1:31:09]}  O-O {[%clk 1:32:10]} 6. Be2 {[%clk 1:31:11]}  Na6 {[%clk 1:32:18]} 7. O-O {[%clk 1:30:32]}  e5 {[%clk 1:32:24]} 8. d5 {[%clk 1:28:43]}  Nc5 {[%clk 1:32:06]} 9. Bg5 {[%clk 1:26:37]}  h6 {[%clk 1:31:30]} 10. Bxf6 {[%clk 1:26:36]}  Qxf6 {[%clk 1:29:51]} 11. b4 {[%clk 1:26:35]}  Nd7 {[%clk 1:29:04]} 12. h3 {[%clk 1:18:26]}  a6 {[%clk 1:27:37]} 13. Ne1 {[%clk 1:14:12]}  Qe7 {[%clk 1:23:29]} 14. Nd3 {[%clk 1:12:44]}  f5 {[%clk 1:21:38]} 15. Bf3 {[%clk 1:09:49]}  Kh8 {[%clk 1:17:26]} 16. Rc1 {[%clk 1:08:59]}  Rb8 {[%clk 1:11:38]} 17. a4 {[%clk 1:07:13]}  b6 {[%clk 1:07:56]} 18. Qe2 {[%clk 1:04:04]}  Nf6 {[%clk 1:03:20]} 19. Qe3 {[%clk 0:59:05]}  f4 {[%clk 1:01:14]} 20. Qe2 {[%clk 0:58:32]}  h5 {[%clk 0:58:41]} 21. Na2 {[%clk 0:58:16]}  Bd7 {[%clk 0:55:51]} 22. Qc2 {[%clk 0:57:11]}  g5 {[%clk 0:54:27]} 23. Nc3 {[%clk 0:50:32]}  g4 {[%clk 0:51:03]} 24. hxg4 {[%clk 0:50:04]}  hxg4 {[%clk 0:50:50]} 25. Bd1 {[%clk 0:41:17]}  Nh5 {[%clk 0:45:33]} 26. c5 {[%clk 0:40:01]}  Bh6 {[%clk 0:43:55]} 27. cxd6 {[%clk 0:39:00]}  cxd6 {[%clk 0:42:38]} 28. Re1 {[%clk 0:35:33]}  f3 {[%clk 0:36:48]} 29. g3 {[%clk 0:34:47]}  Bxc1 {[%clk 0:33:10]} 30. Qxc1 {[%clk 0:34:44]}  Qh7 {[%clk 0:31:29]} 31. Re3 {[%clk 0:30:29]}  Rbc8 {[%clk 0:26:47]} 32. Qb2 {[%clk 0:30:07]}  Nf6 {[%clk 0:22:59]} 33. Bb3 {[%clk 0:24:56]}  Kg7 {[%clk 0:21:18]} 0-1

[Event "Amateur Tournament (ATO)"]
[Site "https://www.chess.com"]
[Date "2025.07.21"]
[Round "6"]
[White "Aleksenko, Kirill"]
[Black "Pantillon, Patrick Andre"]
[Result "0-1"]
[Board "31"]
[WhiteFideId "1364413"]
[BlackFideId "1313266"]
[WhiteElo "1707"]
[BlackElo "1764"]
[WhiteTeam "SUI"]
[BlackTeam "SUI"]
[WhiteClock "0:09:04"]
[BlackClock "0:36:40"]
[Variant "Standard"]

1. e4 {[%clk 1:30:59]}  d5 {[%clk 1:30:46]} 2. exd5 {[%clk 1:30:27]}  Qxd5 {[%clk 1:31:02]} 3. Nc3 {[%clk 1:29:25]}  Qd8 {[%clk 1:30:03]} 4. g3 {[%clk 1:27:44]}  Nf6 {[%clk 1:29:28]} 5. Bg2 {[%clk 1:26:59]}  c6 {[%clk 1:23:58]} 6. d4 {[%clk 1:26:49]}  e6 {[%clk 1:22:45]} 7. Nf3 {[%clk 1:27:08]}  Bd6 {[%clk 1:21:54]} 8. O-O {[%clk 1:27:22]}  Nbd7 {[%clk 1:21:30]} 9. Re1 {[%clk 1:27:40]}  O-O {[%clk 1:20:52]} 10. Ne5 {[%clk 1:27:10]}  Nd5 {[%clk 1:15:55]} 11. Nxd5 {[%clk 1:27:10]}  exd5 {[%clk 1:15:55]} 12. Bf4 {[%clk 1:27:13]}  Nxe5 {[%clk 1:11:58]} 13. Bxe5 {[%clk 1:27:35]}  Bxe5 {[%clk 1:12:08]} 14. Rxe5 {[%clk 1:25:20]}  Re8 {[%clk 1:12:07]} 15. Qe2 {[%clk 1:25:20]}  Rxe5 {[%clk 1:11:39]} 16. Qxe5 {[%clk 1:25:45]}  Be6 {[%clk 1:11:12]} 17. f4 {[%clk 1:25:36]}  g6 {[%clk 1:10:55]} 18. Rf1 {[%clk 1:25:46]}  Qb6 {[%clk 1:08:43]} 19. b3 {[%clk 1:26:06]}  Re8 {[%clk 1:08:35]} 20. Qf6 {[%clk 1:23:11]}  Bf5 {[%clk 1:08:14]} 21. Rd1 {[%clk 1:15:06]}  Re6 {[%clk 1:06:12]} 22. Qg5 {[%clk 1:15:20]}  Bxc2 {[%clk 1:02:27]} 23. Rd2 {[%clk 1:15:42]}  Bb1 {[%clk 0:46:48]} 24. f5 {[%clk 1:15:15]}  Bxf5 {[%clk 0:46:59]} 25. Kf2 {[%clk 1:15:09]}  Kg7 {[%clk 0:43:24]} 26. g4 {[%clk 1:14:29]}  Rf6 {[%clk 0:36:58]} 27. Kg3 {[%clk 1:00:29]}  Qc7+ {[%clk 0:33:28]} 28. Kh3 {[%clk 0:50:17]}  h6 {[%clk 0:31:58]} 29. Qe3 {[%clk 0:42:05]}  Bc8 {[%clk 0:31:02]} 30. Bf3 {[%clk 0:30:35]}  h5 {[%clk 0:27:34]} 31. Rg2 {[%clk 0:24:46]}  Qf4 {[%clk 0:24:16]} 32. Qxf4 {[%clk 0:17:39]}  Rxf4 {[%clk 0:24:16]} 33. Kg3 {[%clk 0:17:39]}  Rxd4 {[%clk 0:22:47]} 34. gxh5 {[%clk 0:15:41]}  g5 {[%clk 0:22:41]} 35. Re2 {[%clk 0:12:43]}  Kh6 {[%clk 0:16:37]} 36. h3 {[%clk 0:08:29]}  Be6 {[%clk 0:16:37]} 37. Re3 {[%clk 0:08:29]}  a5 {[%clk 0:15:20]} 38. a4 {[%clk 0:06:42]}  Rb4 {[%clk 0:13:52]} 39. Bg4 {[%clk 0:01:44]}  d4 {[%clk 0:12:40]} 40. Rf3 {[%clk 0:29:03]}  Rxb3 {[%clk 0:42:50]} 41. Kg2 {[%clk 0:21:49]}  Rxf3 {[%clk 0:42:04]} 42. Bxf3 {[%clk 0:21:05]}  Bb3 {[%clk 0:41:38]} 43. Kf2 {[%clk 0:19:58]}  Bxa4 {[%clk 0:41:54]} 44. Ke2 {[%clk 0:15:53]}  Bb5+ {[%clk 0:40:47]} 45. Kd2 {[%clk 0:14:43]}  a4 {[%clk 0:40:55]} 46. Kc2 {[%clk 0:13:40]}  Bc4 {[%clk 0:40:56]} 47. Kb2 {[%clk 0:13:24]}  Bb3 {[%clk 0:40:20]} 48. Bg4 {[%clk 0:11:33]}  d3 {[%clk 0:40:27]} 49. Kc3 {[%clk 0:10:26]}  Bc2 {[%clk 0:40:06]} 50. Bf5 {[%clk 0:09:58]}  a3 {[%clk 0:40:13]} 51. Be4 {[%clk 0:08:13]}  Kxh5 {[%clk 0:39:36]} 52. Bf5 {[%clk 0:07:49]}  b5 {[%clk 0:39:17]} 53. Be4 {[%clk 0:07:34]}  b4+ {[%clk 0:38:57]} 54. Kd2 {[%clk 0:07:39]}  a2 {[%clk 0:39:18]} 55. Bf3+ {[%clk 0:07:59]}  Kh4 {[%clk 0:39:35]} 56. Bg4 {[%clk 0:08:19]}  a1=Q {[%clk 0:39:34]} 57. Bd7 {[%clk 0:08:30]}  Qc3+ {[%clk 0:39:22]} 58. Ke3 {[%clk 0:08:44]}  d2+ {[%clk 0:39:04]} 59. Kf2 {[%clk 0:09:01]}  Qd4+ {[%clk 0:38:31]} 60. Kg2 {[%clk 0:09:01]}  Qxd7 {[%clk 0:37:30]} 61. Kf2 {[%clk 0:09:04]}  d1=Q {[%clk 0:36:22]} 62. Ke3 {[%clk 0:09:04]}  Q7d4# {[%clk 0:36:40]} 0-1

[Event "Amateur Tournament (ATO)"]
[Site "https://www.chess.com"]
[Date "2025.07.21"]
[Round "6"]
[White "Wegelin, Reinhard"]
[Black "Juchler, Celine"]
[Result "1-0"]
[Board "35"]
[WhiteFideId "1305778"]
[BlackFideId "1301136"]
[WhiteElo "1812"]
[BlackElo "1654"]
[WhiteTeam "SUI"]
[BlackTeam "SUI"]
[WhiteClock "0:57:03"]
[BlackClock "0:58:04"]
[Variant "Standard"]

1. Nf3 {[%clk 1:30:54]}  e6 {[%clk 1:30:56]} 2. b3 {[%clk 1:31:09]}  d5 {[%clk 1:31:00]} 3. Bb2 {[%clk 1:31:32]}  Nf6 {[%clk 1:30:24]} 4. e3 {[%clk 1:31:49]}  c5 {[%clk 1:30:18]} 5. c4 {[%clk 1:30:19]}  Nc6 {[%clk 1:28:32]} 6. Be2 {[%clk 1:30:53]}  d4 {[%clk 1:26:29]} 7. exd4 {[%clk 1:31:01]}  cxd4 {[%clk 1:26:23]} 8. d3 {[%clk 1:31:14]}  e5 {[%clk 1:26:04]} 9. Nbd2 {[%clk 1:31:00]}  Bd6 {[%clk 1:24:49]} 10. Rc1 {[%clk 1:31:02]}  b6 {[%clk 1:23:49]} 11. O-O {[%clk 1:30:54]}  O-O {[%clk 1:23:26]} 12. h3 {[%clk 1:30:58]}  Bb7 {[%clk 1:23:09]} 13. Re1 {[%clk 1:30:57]}  Rc8 {[%clk 1:21:31]} 14. Bf1 {[%clk 1:30:47]}  Re8 {[%clk 1:20:28]} 15. a3 {[%clk 1:30:23]}  Qe7 {[%clk 1:17:45]} 16. Nxd4 {[%clk 1:25:42]}  Nxd4 {[%clk 1:16:58]} 17. Bxd4 {[%clk 1:25:45]}  Bxa3 {[%clk 1:16:35]} 18. Rxe5 {[%clk 1:24:03]}  Qd6 {[%clk 1:16:21]} 19. Rxe8+ {[%clk 1:20:32]}  Rxe8 {[%clk 1:16:27]} 20. Ra1 {[%clk 1:16:12]}  Qxd4 {[%clk 1:14:25]} 21. Rxa3 {[%clk 1:16:18]}  a5 {[%clk 1:14:25]} 22. Nf3 {[%clk 1:14:11]}  Qb2 {[%clk 1:12:06]} 23. Qa1 {[%clk 1:12:32]}  Qxa1 {[%clk 1:12:00]} 24. Rxa1 {[%clk 1:12:47]}  Bxf3 {[%clk 1:12:24]} 25. gxf3 {[%clk 1:13:01]}  h6 {[%clk 1:12:01]} 26. d4 {[%clk 1:12:26]}  Nh5 {[%clk 1:08:01]} 27. c5 {[%clk 1:05:34]}  bxc5 {[%clk 1:05:13]} 28. dxc5 {[%clk 1:05:39]}  Nf4 {[%clk 1:01:01]} 29. c6 {[%clk 1:01:55]}  Ne2+ {[%clk 1:00:13]} 30. Bxe2 {[%clk 1:01:55]}  Rxe2 {[%clk 1:00:21]} 31. Rxa5 {[%clk 1:02:13]}  Rc2 {[%clk 0:59:50]} 32. Ra6 {[%clk 1:02:24]}  Kf8 {[%clk 0:59:48]} 33. b4 {[%clk 1:02:05]}  Ke8 {[%clk 0:58:55]} 34. b5 {[%clk 1:01:50]}  Kd8 {[%clk 0:58:09]} 35. Ra7 {[%clk 1:01:10]}  Rb2 {[%clk 0:57:02]} 36. Ra8+ {[%clk 1:01:09]}  Kc7 {[%clk 0:57:11]} 37. Ra7+ {[%clk 1:01:06]}  Kc8 {[%clk 0:57:19]} 38. Rb7 {[%clk 1:01:12]}  Rc2 {[%clk 0:57:08]} 39. Rxf7 {[%clk 1:01:15]}  Rc5 {[%clk 0:57:16]} 40. Rb7 {[%clk 1:00:15]}  g5 {[%clk 0:57:03]} 41. Kg2 {[%clk 1:00:16]}  h5 {[%clk 0:57:14]} 42. Kg3 {[%clk 0:59:56]}  Kd8 {[%clk 0:56:39]} 43. h4 {[%clk 0:57:24]}  Kc8 {[%clk 0:55:31]} 44. b6 {[%clk 0:57:02]}  gxh4+ {[%clk 0:55:30]} 45. Kxh4 {[%clk 0:57:25]}  Rxc6 {[%clk 0:55:52]} 46. Rc7+ {[%clk 0:57:40]}  Rxc7 {[%clk 0:56:18]} 47. bxc7 {[%clk 0:58:07]}  Kxc7 {[%clk 0:56:42]} 48. Kxh5 {[%clk 0:58:19]}  Kd7 {[%clk 0:57:02]} 49. Kg6 {[%clk 0:58:34]}  Ke6 {[%clk 0:57:05]} 50. f4 {[%clk 0:58:52]}  Ke7 {[%clk 0:57:28]} 51. f5 {[%clk 0:57:19]}  Kf8 {[%clk 0:57:47]} 52. Kf6 {[%clk 0:56:46]}  Ke8 {[%clk 0:58:04]} 53. Kg7 {[%clk 0:57:03]} 1-0

[Event "Amateur Tournament (ATO)"]
[Site "https://www.chess.com"]
[Date "2025.07.21"]
[Round "6"]
[White "Lachausse, Bruno"]
[Black "Ademi, Rexhe"]
[Result "0-1"]
[Board "36"]
[WhiteFideId "1313231"]
[BlackFideId "1350366"]
[WhiteElo "1761"]
[BlackElo "1605"]
[WhiteTeam "SUI"]
[BlackTeam "SUI"]
[WhiteClock "0:00:45"]
[BlackClock "1:13:25"]
[Variant "Standard"]

1. e4 {[%clk 1:29:04]}  d6 {[%clk 1:30:51]} 2. d4 {[%clk 1:29:12]}  c6 {[%clk 1:31:03]} 3. c4 {[%clk 1:27:52]}  g6 {[%clk 1:31:20]} 4. Nf3 {[%clk 1:27:21]}  Bg7 {[%clk 1:31:35]} 5. Nc3 {[%clk 1:27:29]}  Nf6 {[%clk 1:31:58]} 6. Be2 {[%clk 1:27:12]}  O-O {[%clk 1:32:14]} 7. O-O {[%clk 1:27:20]}  Nbd7 {[%clk 1:32:17]} 8. Be3 {[%clk 1:25:50]}  Ng4 {[%clk 1:31:51]} 9. Bc1 {[%clk 1:23:35]}  e5 {[%clk 1:31:59]} 10. h3 {[%clk 1:22:10]}  exd4 {[%clk 1:32:07]} 11. Nxd4 {[%clk 1:22:01]}  Nge5 {[%clk 1:29:59]} 12. f4 {[%clk 1:20:46]}  c5 {[%clk 1:30:19]} 13. Nb3 {[%clk 1:13:23]}  Nc6 {[%clk 1:30:17]} 14. Qxd6 {[%clk 1:12:37]}  Nd4 {[%clk 1:30:30]} 15. Nxc5 {[%clk 1:09:26]}  Nc2 {[%clk 1:30:31]} 16. Rd1 {[%clk 0:41:37]}  Nxa1 {[%clk 1:29:22]} 17. Nxd7 {[%clk 0:39:13]}  Bxd7 {[%clk 1:28:46]} 18. Qxd7 {[%clk 0:39:36]}  Qb6+ {[%clk 1:28:49]} 19. Kh2 {[%clk 0:37:34]}  Rad8 {[%clk 1:28:44]} 20. Qa4 {[%clk 0:36:12]}  Rxd1 {[%clk 1:27:17]} 21. Qxd1 {[%clk 0:34:34]}  Rd8 {[%clk 1:27:17]} 22. Nd5 {[%clk 0:33:29]}  Qe6 {[%clk 1:25:43]} 23. Qd3 {[%clk 0:31:10]}  h5 {[%clk 1:23:16]} 24. Qb1 {[%clk 0:30:46]}  h4 {[%clk 1:21:59]} 25. Bf3 {[%clk 0:29:42]}  f5 {[%clk 1:19:39]} 26. Qxa1 {[%clk 0:22:27]}  fxe4 {[%clk 1:19:35]} 27. Bg4 {[%clk 0:22:36]}  Qa6 {[%clk 1:19:18]} 28. Ne3 {[%clk 0:14:57]}  Qa5 {[%clk 1:17:51]} 29. Be6+ {[%clk 0:11:21]}  Kh8 {[%clk 1:17:59]} 30. Bd5 {[%clk 0:08:15]}  Qe1 {[%clk 1:17:55]} 31. Qb1 {[%clk 0:08:01]}  Rf8 {[%clk 1:13:05]} 32. Qc2 {[%clk 0:03:41]}  Rxf4 {[%clk 1:13:04]} 33. Qd1 {[%clk 0:02:00]}  Qg3+ {[%clk 1:12:46]} 34. Kh1 {[%clk 0:01:41]}  Be5 {[%clk 1:12:48]} 35. Ng4 {[%clk 0:01:05]}  Rxg4 {[%clk 1:12:58]} 36. hxg4 {[%clk 0:00:45]}  Qh2# {[%clk 1:13:25]} 0-1

[Event "Amateur Tournament (ATO)"]
[Site "https://www.chess.com"]
[Date "2025.07.21"]
[Round "6"]
[White "Balsiger, Matthias"]
[Black "Trzcinska, Wiktoria"]
[Result "0-1"]
[Board "37"]
[WhiteFideId "1320653"]
[BlackFideId "91111706"]
[WhiteElo "1748"]
[BlackElo "1568"]
[WhiteTeam "SUI"]
[BlackTeam "POL"]
[WhiteClock "0:28:55"]
[BlackClock "0:55:18"]
[Variant "Standard"]

1. e4 {[%clk 1:30:50]}  e5 {[%clk 1:30:26]} 2. Nf3 {[%clk 1:31:01]}  Nc6 {[%clk 1:30:08]} 3. Bb5 {[%clk 1:30:57]}  Bc5 {[%clk 1:29:23]} 4. Nc3 {[%clk 1:27:35]}  d6 {[%clk 1:29:14]} 5. d3 {[%clk 1:25:34]}  Nf6 {[%clk 1:25:52]} 6. Bg5 {[%clk 1:25:17]}  h6 {[%clk 1:24:30]} 7. Bxf6 {[%clk 1:20:54]}  Qxf6 {[%clk 1:23:40]} 8. Nd5 {[%clk 1:20:27]}  Qd8 {[%clk 1:23:29]} 9. d4 {[%clk 1:12:11]}  exd4 {[%clk 1:22:53]} 10. Nxd4 {[%clk 1:11:57]}  Bxd4 {[%clk 1:21:48]} 11. Qxd4 {[%clk 1:11:38]}  O-O {[%clk 1:21:42]} 12. Bxc6 {[%clk 1:07:02]}  bxc6 {[%clk 1:21:30]} 13. Ne3 {[%clk 1:06:22]}  c5 {[%clk 1:16:39]} 14. Qd3 {[%clk 1:03:35]}  Bb7 {[%clk 1:16:09]} 15. O-O {[%clk 1:00:03]}  Qe7 {[%clk 1:15:22]} 16. f3 {[%clk 0:59:31]}  Bc6 {[%clk 1:13:09]} 17. c4 {[%clk 0:54:13]}  Rab8 {[%clk 1:12:56]} 18. b3 {[%clk 0:54:03]}  a5 {[%clk 1:09:56]} 19. Rab1 {[%clk 0:47:16]}  Rb6 {[%clk 1:09:27]} 20. Rfe1 {[%clk 0:45:06]}  Rfb8 {[%clk 1:06:46]} 21. Nd5 {[%clk 0:43:24]}  Bxd5 {[%clk 1:06:40]} 22. exd5 {[%clk 0:41:27]}  Qf6 {[%clk 1:03:25]} 23. Re3 {[%clk 0:40:13]}  Qd4 {[%clk 1:02:44]} 24. Qxd4 {[%clk 0:39:37]}  cxd4 {[%clk 1:03:10]} 25. Rd3 {[%clk 0:39:37]}  a4 {[%clk 1:03:16]} 26. Kf2 {[%clk 0:38:18]}  Kf8 {[%clk 1:03:05]} 27. g4 {[%clk 0:35:29]}  Ke7 {[%clk 1:02:29]} 28. f4 {[%clk 0:34:57]}  axb3 {[%clk 0:58:28]} 29. axb3 {[%clk 0:34:16]}  Kd7 {[%clk 0:58:33]} 30. Kf3 {[%clk 0:34:09]}  c6 {[%clk 0:58:18]} 31. dxc6+ {[%clk 0:33:59]}  Kxc6 {[%clk 0:58:34]} 32. h4 {[%clk 0:29:54]}  g6 {[%clk 0:55:18]} 33. f5 {[%clk 0:28:55]} 0-1

[Event "Amateur Tournament (ATO)"]
[Site "https://www.chess.com"]
[Date "2025.07.21"]
[Round "6"]
[White "Glanc, Lea"]
[Black "Archit Saigal"]
[Result "1-0"]
[Board "38"]
[WhiteFideId "1344064"]
[BlackFideId "46631291"]
[WhiteElo "1735"]
[BlackElo "1494"]
[WhiteTeam "SUI"]
[BlackTeam "IND"]
[WhiteClock "1:10:54"]
[BlackClock "0:03:05"]
[Variant "Standard"]

1. e4 {[%clk 1:30:55]}  c6 {[%clk 1:26:58]} 2. d4 {[%clk 1:31:20]}  d5 {[%clk 1:27:24]} 3. Nd2 {[%clk 1:31:44]}  dxe4 {[%clk 1:27:22]} 4. Nxe4 {[%clk 1:32:09]}  Nf6 {[%clk 1:27:31]} 5. Nxf6+ {[%clk 1:32:31]}  exf6 {[%clk 1:27:57]} 6. c3 {[%clk 1:32:43]}  Bd6 {[%clk 1:27:48]} 7. Bd3 {[%clk 1:32:55]}  O-O {[%clk 1:27:56]} 8. Ne2 {[%clk 1:32:55]}  Re8 {[%clk 1:25:57]} 9. Qc2 {[%clk 1:33:11]}  h6 {[%clk 1:25:08]} 10. Be3 {[%clk 1:32:51]}  h5 {[%clk 1:21:27]} 11. c4 {[%clk 1:26:54]}  Be6 {[%clk 1:21:27]} 12. O-O-O {[%clk 1:26:11]}  Nd7 {[%clk 1:15:12]} 13. c5 {[%clk 1:20:50]}  b5 {[%clk 1:08:36]} 14. Bd2 {[%clk 1:10:54]}  g6 {[%clk 0:03:05]} 1-0

[Event "Amateur Tournament (ATO)"]
[Site "https://www.chess.com"]
[Date "2025.07.21"]
[Round "6"]
[White "Christoffersen, Odd"]
[Black "Barros, Gustavo"]
[Result "1/2-1/2"]
[Board "39"]
[WhiteFideId "1506129"]
[BlackFideId "1368125"]
[WhiteElo "1728"]
[BlackElo "1658"]
[WhiteTeam "NOR"]
[BlackTeam "SUI"]
[WhiteClock "0:23:53"]
[BlackClock "0:12:00"]
[Variant "Standard"]

1. e4 {[%clk 1:30:53]}  c6 {[%clk 1:30:32]} 2. d4 {[%clk 1:30:57]}  d5 {[%clk 1:30:55]} 3. exd5 {[%clk 1:31:13]}  cxd5 {[%clk 1:31:15]} 4. Bd3 {[%clk 1:31:32]}  Nc6 {[%clk 1:31:12]} 5. c3 {[%clk 1:31:53]}  Nf6 {[%clk 1:30:57]} 6. Bf4 {[%clk 1:32:06]}  Bg4 {[%clk 1:27:09]} 7. f3 {[%clk 1:29:25]}  Bh5 {[%clk 1:26:50]} 8. Ne2 {[%clk 1:28:54]}  e6 {[%clk 1:26:22]} 9. O-O {[%clk 1:28:40]}  Bd6 {[%clk 1:25:19]} 10. Re1 {[%clk 1:27:53]}  O-O {[%clk 1:22:57]} 11. Nd2 {[%clk 1:27:12]}  Rc8 {[%clk 1:21:33]} 12. Rc1 {[%clk 1:26:16]}  Bg6 {[%clk 1:16:35]} 13. Bxg6 {[%clk 1:25:49]}  hxg6 {[%clk 1:16:53]} 14. Nf1 {[%clk 1:25:02]}  Re8 {[%clk 1:14:38]} 15. Bxd6 {[%clk 1:16:52]}  Qxd6 {[%clk 1:15:00]} 16. Qd2 {[%clk 1:16:25]}  Nh5 {[%clk 1:08:45]} 17. Rcd1 {[%clk 1:15:18]}  b5 {[%clk 1:06:43]} 18. b3 {[%clk 1:10:32]}  a5 {[%clk 1:02:51]} 19. Rc1 {[%clk 1:06:32]}  a4 {[%clk 0:53:29]} 20. g4 {[%clk 1:01:18]}  Nf6 {[%clk 0:51:35]} 21. Nf4 {[%clk 1:01:16]}  Nh7 {[%clk 0:43:21]} 22. Nd3 {[%clk 0:57:34]}  f6 {[%clk 0:37:55]} 23. bxa4 {[%clk 0:50:16]}  Ng5 {[%clk 0:34:53]} 24. Kg2 {[%clk 0:46:55]}  bxa4 {[%clk 0:32:32]} 25. h4 {[%clk 0:44:04]}  Nf7 {[%clk 0:30:58]} 26. Rb1 {[%clk 0:38:19]}  Na5 {[%clk 0:27:29]} 27. Ne3 {[%clk 0:34:25]}  e5 {[%clk 0:20:45]} 28. Rb4 {[%clk 0:26:08]}  exd4 {[%clk 0:16:16]} 29. cxd4 {[%clk 0:23:53]}  Nc4 {[%clk 0:12:00]} 1/2-1/2

[Event "Amateur Tournament (ATO)"]
[Site "https://www.chess.com"]
[Date "2025.07.21"]
[Round "6"]
[White "Huber, Ruth"]
[Black "Suwendo, Poedjo"]
[Result "0-1"]
[Board "40"]
[WhiteFideId "1315234"]
[BlackFideId "1309803"]
[WhiteElo "1600"]
[BlackElo "1719"]
[WhiteTeam "SUI"]
[BlackTeam "SUI"]
[WhiteClock "0:34:15"]
[BlackClock "0:11:16"]
[Variant "Standard"]

1. Nf3 {[%clk 1:30:38]}  c5 {[%clk 1:30:33]} 2. g3 {[%clk 1:30:58]}  g6 {[%clk 1:30:30]} 3. Bg2 {[%clk 1:31:17]}  Bg7 {[%clk 1:30:56]} 4. c4 {[%clk 1:31:03]}  Nc6 {[%clk 1:31:08]} 5. Nc3 {[%clk 1:31:08]}  d6 {[%clk 1:25:34]} 6. O-O {[%clk 1:29:41]}  Nf6 {[%clk 1:25:11]} 7. d4 {[%clk 1:28:34]}  cxd4 {[%clk 1:23:36]} 8. Nxd4 {[%clk 1:28:51]}  Bd7 {[%clk 1:13:16]} 9. Nxc6 {[%clk 1:26:34]}  bxc6 {[%clk 1:13:41]} 10. Rb1 {[%clk 1:25:00]}  Qc8 {[%clk 1:06:51]} 11. Re1 {[%clk 1:22:41]}  O-O {[%clk 1:06:49]} 12. e4 {[%clk 1:13:30]}  Rd8 {[%clk 1:04:05]} 13. Qc2 {[%clk 1:12:39]}  Be6 {[%clk 0:46:55]} 14. b3 {[%clk 1:11:06]}  Nd7 {[%clk 0:41:11]} 15. Bb2 {[%clk 1:05:59]}  Rb8 {[%clk 0:37:40]} 16. Kh1 {[%clk 0:58:40]}  Rf8 {[%clk 0:34:39]} 17. f4 {[%clk 0:54:59]}  f6 {[%clk 0:26:55]} 18. Ne2 {[%clk 0:52:10]}  Bg4 {[%clk 0:22:06]} 19. Nc3 {[%clk 0:47:26]}  Be6 {[%clk 0:19:25]} 20. Bf3 {[%clk 0:44:39]}  Nc5 {[%clk 0:16:29]} 21. Ne2 {[%clk 0:42:45]}  Bd7 {[%clk 0:11:56]} 22. Rbd1 {[%clk 0:39:56]}  Rd8 {[%clk 0:11:03]} 23. Nc1 {[%clk 0:38:33]}  Bg4 {[%clk 0:11:11]} 24. Kg2 {[%clk 0:37:32]}  Bxf3+ {[%clk 0:11:01]} 25. Kxf3 {[%clk 0:37:55]}  Qh3 {[%clk 0:11:19]} 26. e5 {[%clk 0:34:54]}  dxe5 {[%clk 0:11:00]} 27. Rxd8+ {[%clk 0:34:26]}  Rxd8 {[%clk 0:11:28]} 28. fxe5 {[%clk 0:34:15]}  fxe5 {[%clk 0:11:16]} 0-1